00341nam a22001337a 4500003000400000008004100004082001500045100001200060245006400072250000900136260002500145300000800170650002900178OSt221004b ||||| |||| 00| 0 eng d a615.19 RAP aRAJE,VN aPharmaceutical Chemistry for first Year Diploma in Pharmacy a3rd  aNew delhibCBSc2018 a315 aPharmaceutical Chemistry